000 01396nam0a22003011 4500
001 rc\104674
005 20260503053426.0
010 _a5-87180-018-3
_bТоварищество "Роспринт"
_93000
035 _a(NLR Aleph) 005366859
090 _a6957763
_c6957763
100 _a20131026d1993 |||y0rusy50 ca
101 0 _arus
102 _aRU
105 _ay |||||||||
200 1 _aИзбранные письма, 1854-1891
_f[Публ., предисл. и коммент. Д. Соловьева
_gВступ. ст. С. Носова]
210 _aСПб.
_cПушкин. фонд
_d1993
215 _a637 с.
_d18
320 _aИмен. указ.: с. 615-636
327 0 _aВ кн. также: Кончина Константина Леонтьева: Из воспоминаний А.А. Александрова
464 0 _12001#$aКончина Константина Леонтьева
_tКончина Константина Леонтьева
700 1 _4570
_7ca
_8rus
_aЛеонтьев
_bК. Н.
_f1831-1891
_gКонстантин Николаевич
_9123136
_3RU\NLR\AUTH\7713446
702 1 _4570
_7ca
_8rus
_aСоловьев
_bД. В.
_cпереводчик
_f1932-2014
_gДамир Васильевич
_9127796
_3RU\NLR\AUTH\770127821
801 0 _aRU
_bNLR
_gpsbo
801 1 _aRU
_bELAR
_2rusmarc
852 _aNLR
_j93-2/234
942 _cBOOK
980 _aNB